[Event "EU-chT (Women) 20th"]
[Site "Reykjavik"]
[Date "2015.11.21"]
[Round "8.2"]
[White "Ciuksyte, Dagne"]
[Black "Milovic, Aleksandra"]
[Result "0-1"]
[WhiteElo "2356"]
[BlackElo "2202"]
[PlyCount "104"]
[EventDate "2015.11.13"]
[EventType "team-swiss"]
[EventRounds "9"]
[EventCountry "ISL"]
[SourceTitle "CBM 169 Extra"]
[Source "ChessBase"]
[SourceDate "2015.12.18"]
[SourceVersion "1"]
[SourceVersionDate "2015.12.18"]
[SourceQuality "1"]
[WhiteTeam "England (W)"]
[BlackTeam "Montenegro (W)"]
[WhiteTeamCountry "ENG"]
[BlackTeamCountry "MNE"]

1. e4 d5 2. exd5 Qxd5 3. Nc3 Qd8 4. Bc4 Nf6 5. Nf3 a6 6. d4 b5 7. Bd3 Bb7 8. 0-0 e6 9. Re1 Be7 10. Bg5 0-0 11. Qe2 Nc6 12. Rad1 Nb4 13. Bxf6 Bxf6 14. Be4 Bxe4 15. Nxe4 Nd5 16. c3 c6 17. b3 Qa5 18. c4 Nc3 19. Qd2 b4 20. Nxf6+ gxf6 21. Ra1 Qf5 22. Re3 Kh8 23. Rae1 Rg8 24. Kh1 Rad8 25. a3 a5 26. axb4 axb4 27. Rxc3 bxc3 28. Qxc3 Rg4 29. g3 e5 30. Kg2 exd4 31. Qb4 c5 32. Qb6 Rgg8 33. Nh4 Qg5 34. Nf3 Qg6 35. Qxc5 d3 36. Qe3 Rd6 37. Qd2 Re6 38. Re3 Rxe3 39. Qxe3 Qf5 40. b4 Rd8 41. b5 Qd7 42. Nd2 Re8 43. Qf4 Kg7 44. b6 Re2 45. Kf3 Qc6+ 46. Ne4 Rb2 47. Ke3 Qxb6+ 48. Kxd3 Qb3+ 49. Kd4 Qd1+ 50. Kc5 Qd8 51. Qg4+ Kf8 52. Qf5 Qa5+ 0-1

[Event "EU-chT (Women) 20th"]
[Site "Reykjavik"]
[Date "2015.11.19"]
[Round "6.2"]
[White "Ciuksyte, Dagne"]
[Black "Thorsteinsdottir, Gudlaug"]
[Result "1-0"]
[WhiteElo "2356"]
[BlackElo "2005"]
[PlyCount "99"]
[EventDate "2015.11.13"]
[EventType "team-swiss"]
[EventRounds "9"]
[EventCountry "ISL"]
[SourceTitle "CBM 169 Extra"]
[Source "ChessBase"]
[SourceDate "2015.12.18"]
[SourceVersion "1"]
[SourceVersionDate "2015.12.18"]
[SourceQuality "1"]
[WhiteTeam "England (W)"]
[BlackTeam "Iceland (W)"]
[WhiteTeamCountry "ENG"]
[BlackTeamCountry "ISL"]

1. e4 e5 2. Bc4 Nf6 3. d3 d5 4. exd5 Nxd5 5. Nf3 Nc6 6. h3 Be7 7. 0-0 0-0 8. Re1 Bf6 9. Nbd2 Nb6 10. Bb3 a5 11. a3 Bf5 12. Ne4 Bxe4 13. Rxe4 Qd6 14. Bd2 Nd7 15. Re1 Nc5 16. Ba2 Rfe8 17. b4 Ne6 18. b5 Ncd4 19. Nxd4 Nxd4 20. Bc4 Ne6 21. c3 Rad8 22. Qe2 g6 23. Be3 b6 24. Qa2 Re7 25. Rad1 c5 26. bxc6 Qxc6 27. Rb1 Nc5 28. Red1 Rc7 29. Bb5 Qd5 30. Bc4 Qc6 31. Bb5 Qd5 32. Qb2 e4 33. d4 Ne6 34. Qd2 Qd6 35. a4 Be7 36. d5 Qe5 37. Bxb6 Rxc3 38. Bxd8 Nxd8 39. d6 Bg5 40. Qd4 Qxd4 41. Rxd4 e3 42. Re4 f5 43. Re8+ Kf7 44. f4 Bf6 45. Kf1 g5 46. g3 gxf4 47. gxf4 e2+ 48. Kxe2 Rxh3 49. Rc1 Ne6 50. Rc7+ 1-0

[Event "EU-chT (Women) 20th"]
[Site "Reykjavik"]
[Date "2015.11.16"]
[Round "4.9"]
[White "Mkrtchian, Lilit"]
[Black "Ciuksyte, Dagne"]
[Result "1-0"]
[WhiteElo "2439"]
[BlackElo "2356"]
[PlyCount "69"]
[EventDate "2015.11.13"]
[EventType "team-swiss"]
[EventRounds "9"]
[EventCountry "ISL"]
[SourceTitle "CBM 169 Extra"]
[Source "ChessBase"]
[SourceDate "2015.12.18"]
[SourceVersion "1"]
[SourceVersionDate "2015.12.18"]
[SourceQuality "1"]
[WhiteTeam "Armenia (W)"]
[BlackTeam "England (W)"]
[WhiteTeamCountry "ARM"]
[BlackTeamCountry "ENG"]

1. Nf3 Nf6 2. g3 c5 3. Bg2 d5 4. 0-0 Nc6 5. d4 e6 6. c4 cxd4 7. Nxd4 Bc5 8. Nxc6 bxc6 9. Qc2 Be7 10. Nc3 0-0 11. Rd1 Ba6 12. cxd5 cxd5 13. e4 Qc8 14. Bg5 Re8 15. exd5 exd5 16. Rac1 Rb8 17. Bxf6 Bxf6 18. Nxd5 Qxc2 19. Nxf6+ gxf6 20. Rxc2 Re2 21. Rxe2 Bxe2 22. Rd2 Bc4 23. b3 Be6 24. Be4 Rc8 25. Kg2 Kg7 26. Kf3 Rc5 27. Kf4 a5 28. Rd4 f5 29. Bd3 Kf6 30. Rd6 Re5 31. Rb6 Rd5 32. Ke3 Re5+ 33. Kd2 f4 34. gxf4 Rh5 35. f5 1-0

[Event "EU-chT (Women) 20th"]
[Site "Reykjavik"]
[Date "2015.11.15"]
[Round "3.6"]
[White "Ciuksyte, Dagne"]
[Black "Bulmaga, Irina"]
[Result "1/2-1/2"]
[WhiteElo "2356"]
[BlackElo "2391"]
[PlyCount "94"]
[EventDate "2015.11.13"]
[EventType "team-swiss"]
[EventRounds "9"]
[EventCountry "ISL"]
[SourceTitle "CBM 169 Extra"]
[Source "ChessBase"]
[SourceDate "2015.12.18"]
[SourceVersion "1"]
[SourceVersionDate "2015.12.18"]
[SourceQuality "1"]
[WhiteTeam "England (W)"]
[BlackTeam "Romania (W)"]
[WhiteTeamCountry "ENG"]
[BlackTeamCountry "ROU"]

1. e4 e5 2. Nf3 Nc6 3. Bb5 a6 4. Ba4 Nf6 5. 0-0 Be7 6. Re1 b5 7. Bb3 d6 8. c3 0-0 9. h3 Bb7 10. d4 Nd7 11. Nbd2 exd4 12. cxd4 Bf6 13. Nf1 Na5 14. Bc2 Re8 15. Rb1 c5 16. d5 Nc4 17. Ng3 g6 18. Nh2 Nce5 19. b3 Nb6 20. f4 Ned7 21. Nf3 Rc8 22. a4 b4 23. a5 Na8 24. e5 dxe5 25. Ne4 exf4 26. Bxf4 Nc7 27. Nxf6+ Qxf6 28. Bxc7 Rxe1+ 29. Qxe1 Rxc7 30. Rd1 Rc8 31. Qg3 Qc3 32. Qf2 Nf6 33. Rd3 Qa1+ 34. Rd1 Qc3 35. Rd3 Qa1+ 36. Rd1 Qb2 37. Ng5 Qe5 38. Nf3 Qb2 39. Ng5 h6 40. Nxf7 Rf8 41. Nxh6+ Kg7 42. Nf5+ gxf5 43. Qxf5 Rf7 44. d6 Nd7 45. Qg5+ Kf8 46. Qd8+ Kg7 47. Qg5+ Kf8 1/2-1/2

[Event "EU-chT (Women) 20th"]
[Site "Reykjavik"]
[Date "2015.11.13"]
[Round "1.2"]
[White "Zhukova, Natalia"]
[Black "Ciuksyte, Dagne"]
[Result "1/2-1/2"]
[WhiteElo "2480"]
[BlackElo "2356"]
[PlyCount "91"]
[EventDate "2015.11.13"]
[EventType "team-swiss"]
[EventRounds "9"]
[EventCountry "ISL"]
[SourceTitle "CBM 169 Extra"]
[Source "ChessBase"]
[SourceDate "2015.12.18"]
[SourceVersion "1"]
[SourceVersionDate "2015.12.18"]
[SourceQuality "1"]
[WhiteTeam "Ukraine (W)"]
[BlackTeam "England (W)"]
[WhiteTeamCountry "UKR"]
[BlackTeamCountry "ENG"]

1. c4 e6 2. Nc3 c5 3. Nf3 Nf6 4. g3 b6 5. Bg2 Bb7 6. 0-0 Be7 7. d4 cxd4 8. Qxd4 d6 9. Bg5 a6 10. Bxf6 Bxf6 11. Qf4 0-0 12. Rfd1 Be7 13. Ne4 Bxe4 14. Qxe4 Ra7 15. Nd4 Rc7 16. Rd2 Bg5 17. f4 Bf6 18. b3 Nd7 19. Rad1 Nc5 20. Qf3 Qc8 21. Nc6 Nb7 22. a4 Nd8 23. Rxd6 Nxc6 24. Rxc6 Rxc6 25. Qxc6 Qxc6 26. Bxc6 a5 27. Rd7 Rd8 28. Rb7 Bd4+ 29. Kg2 Bc5 30. g4 h6 31. Bd7 g6 32. Kf3 Kf8 33. f5 gxf5 34. gxf5 exf5 35. Bxf5 Rd1 36. Be4 Rf1+ 37. Kg3 Rf2 38. Bf3 Rf1 39. Be4 Rf2 40. Bf3 Rf1 41. Rd7 Be3 42. Rd3 Rg1+ 43. Bg2 Bc5 44. h4 Kg7 45. h5 Kf6 46. Rf3+ 1/2-1/2

[Event "Douglas PokerStars op"]
[Site "Douglas"]
[Date "2015.10.07"]
[Round "5"]
[White "Walton, Alan J"]
[Black "Ciuksyte, Dagne"]
[Result "0-1"]
[WhiteElo "2205"]
[BlackElo "2354"]
[PlyCount "84"]
[EventDate "2015.10.03"]
[EventType "swiss"]
[EventRounds "9"]
[EventCountry "IOM"]
[SourceTitle "CBM 168 Extra"]
[Source "ChessBase"]
[SourceDate "2015.10.29"]
[SourceVersion "1"]
[SourceVersionDate "2015.10.29"]
[SourceQuality "1"]

1. d4 d5 2. c4 e6 3. Nc3 Nf6 4. cxd5 exd5 5. Bg5 Be7 6. Qc2 0-0 7. e3 Nbd7 8. Bd3 c6 9. Nge2 Re8 10. 0-0 Nf8 11. f3 g6 12. Kh1 Ne6 13. Bh4 b6 14. Rad1 Bb7 15. Bf2 c5 16. Qb1 Rc8 17. Bc2 cxd4 18. exd4 Nh5 19. Be3 Bd6 20. Qc1 Ba6 21. Bd3 Bxd3 22. Rxd3 Qh4 23. f4 Nexf4 24. Bxf4 Nxf4 25. Nxf4 Bxf4 26. g3 Bxc1 27. gxh4 Bxb2 28. Nxd5 Kg7 29. Rf2 Bc1 30. h5 Rcd8 31. Nb4 a5 32. Nc6 Rd5 33. hxg6 hxg6 34. Rf1 Bb2 35. Rb1 Re2 36. Rb3 Rc2 37. R1xb2 Rxc6 38. Rxb6 Rxb6 39. Rxb6 Rxd4 40. Rb2 a4 41. Kg2 a3 42. Re2 Rb4 0-1